| 000 | 02590nam a22002777a 4500 | ||
|---|---|---|---|
| 005 | 20150915120121.0 | ||
| 010 | _aENG-113912 | ||
| 020 |
_a9788121512398 _c1795.00 |
||
| 035 | _aEN-97444 | ||
| 037 | _bDBAD/PUB | ||
| 082 | _a270 | ||
| 245 |
_aIslam in the world today : _cedited by Werner Ende [and] Udo Steinbach _ba handbook of politics, religion, culture, and society / |
||
| 260 |
_aNew Delhi _bMunshiram Manoharlal Publishers _c2012 |
||
| 270 |
_aPO Box 5715, 54 Rani Jhansi Road, _bNew Delhi _e110055 |
||
| 300 |
_axviii,1114p. : _c24cm(Hb) _bill. |
||
| 500 | _a Includes bibliographical references and indexes. | ||
| 505 | _aWorld of Islam: a brief historical survey / Heribert Busse -- Sunni Islam / Bernd Radtke -- Shi’i Islam / Werner Ende -- Revivalist movements in Islam from the eighteenth to the twentieth century and the role of Islam in modern history: anticolonialism and nationalism / Rudolph Peters -- Distribution of Muslims throughout the world: figures and information on the present situation / Peter Heine and Riem Spielhaus -- Intra-Islamic discussion on a modern economic and social system / Johannes Reissner -- Islamic economics in practice: interest-free financial management / Volker Nienhaus -- Developments in law / Hans-Georg Ebert -- Status of Islam and Islamic law in selected countries -- Islamic Diaspora: Europe and America -- Discussion within Islam on secularism, democracy, and human rights / Alexander Flores -- Situation of women in Islamic countries / Wiebke Walther -- Islamist groups and movements / Guid Steinberg and Jan-Peter Hartung -- Mystical brotherhoods and popular Islam / Frederick De Jong -- Sects and social groups / Werner Schmucker -- Islam and non-Islamic minorities / Johanna Pink -- International Islamic organizations / Johannes Reissner -- "Orientalistics" and Orientalism / Reinhard Schulze -- Islam and cultural self-assertion / Rotraud Wielandt -- Islam and local traditions / Olaf Schumanm and Lode Frank Brakel -- Is there an Islamic linguistic sphere? / Otto Jastrow -- Islam reflected in the contemporary literature of Muslim peoples / Johann Cristoph Bürgell -- Contemporary painting and graphic art in the Islamic world / Peter Heine -- Contemporary "Islamic" architecture and representational art / Mohamed Scharabi | ||
| 650 |
_a Islam _y20th century. |
||
| 650 |
_a Islam _y21st century. |
||
| 650 |
_a Islam _xHistory. |
||
| 650 | _a Islam and state. | ||
| 650 | _a Islamic civilization. | ||
| 700 | _aEnde, Werner | ||
| 700 | _aSteinbach, Udo | ||
| 942 |
_2ddc _cEN _mISL _h270 |
||
| 999 |
_c96490 _d96490 |
||